000 00424nam a22001697a 4500
003 MACL
005 20160115174947.0
008 160115b xxu||||| |||| 00| 0 eng d
040 _cMACL
041 _aEnglish
082 _a323/SET
100 _aSethi Dr. Rajan
_932785
245 _aRural Development In India
260 _aNew Delhi
_bEducational Publishers
_c2010
650 _aRural Development
_9988
942 _2ddc
_cBK
999 _c52565
_d52565